<?xml version="1.0" encoding="UTF-8"?><OAI-PMH xmlns="http://www.openarchives.org/OAI/2.0/" xmlns:xsi="http://www.w3.org/2001/XMLSchema-instance"     xsi:schemaLocation="http://www.openarchives.org/OAI/2.0/ http://www.openarchives.org/OAI/2.0/OAI-PMH.xsd"><responseDate>2026-05-17T09:23:11Z</responseDate><request verb="GetRecord" identifier="oai:regmurcia.com:fintegr.175" metadataPrefix="marc21">http://oai.regmurcia.com/oai2/oai2.php</request><GetRecord><record><header><identifier>oai:regmurcia.com:fintegr.175</identifier><datestamp>2026-05-17</datestamp><setSpec>documentos</setSpec></header><metadata><record  xmlns="http://www.loc.gov/MARC21/slim" xmlns:xsi="http://www.w3.org/2001/XMLSchema-instance" xsi:schemaLocation="http://www.loc.gov/MARC21/slim http://www.loc.gov/standards/marcxml/schema/MARC21slim.xsd" type="Bibliographic"><leader>00000nam a2200000   4500</leader><controlfield tag="001" >005077757</controlfield><controlfield tag="003" >175</controlfield><controlfield tag="004" >A00000000</controlfield><datafield tag="245" ind1=" " ind2=" "><subfield code="a">Sentencia de Juan II ordenando que cesen las luchas entre don Alvaro de Luna y sus contrarios, y que todo el reino se mantenga en paz.</subfield></datafield><datafield tag="300" ind1=" " ind2=" "><subfield code="c">576 x 312 mm.</subfield></datafield><datafield tag="351" ind1=" " ind2=" "><subfield code="a">Unidad Documental</subfield><subfield code="c">Archivo de Murcia. Array</subfield><subfield code="a">Unidad Documental</subfield><subfield code="c">Archivo de Murcia. Array</subfield></datafield><datafield tag="351" ind1=" " ind2=" "><subfield code="b">Nº 42</subfield></datafield><datafield tag="505" ind1=" " ind2=" "><subfield code="a">/codom/16/215.pdf</subfield></datafield><datafield tag="506" ind1=" " ind2=" "><subfield code="a">Acceso restringido</subfield></datafield><datafield tag="510" ind1=" " ind2=" "><subfield code="a">Pub. ABELLÁN PÉREZ, JUAN. Documentos de Juan II. Murcia: Academia Alfonso X el Sabio, 1984, pp. 525-530</subfield></datafield><datafield tag="520" ind1=" " ind2=" "><subfield code="a">Sentencia de Juan II ordenando que cesen todas la hostilidades que mantienen don Alvaro de Luna y su hermano, el arzobispo de Toledo de un lado, y del otro algunos grandes del reino. Manda que  se abandone cualquier tipo de actividad bélica, y que cualquier ciudad, villa, o fortaleza del rey que hubiera sido ocupada en el curso de las hostilidades sea evacuada  y dejada en paz. Da treinta días de plazo para que se cumpla todo lo ordenado.</subfield></datafield><datafield tag="583" ind1=" " ind2=" "><subfield code="u">http://www.regmurcia.com/servlet/s.Sl?METHOD=VERDOCUMENTO&amp;sit=serv,Carmesi&amp;n=/01/772/indice.djvu</subfield></datafield><datafield tag="592" ind1=" " ind2=" "><subfield code="a">1441-09-01</subfield></datafield><datafield tag="592" ind1=" " ind2=" "><subfield code="d">1441-09-01 00:00:00</subfield></datafield><datafield tag="651" ind1=" " ind2=" "><subfield code="a">Burgos</subfield></datafield><datafield tag="786" ind1=" " ind2=" "><subfield code="o">http://www.regmurcia.com/servlet/s.Sl?METHOD=VERDOCUMENTO&amp;sit=serv,Carmesi&amp;n=/01/772/indice.djvu</subfield></datafield><datafield tag="856" ind1=" " ind2=" "><subfield code="u">http://www.regmurcia.com/servlet/s.Sl?METHOD=DETALLE&amp;sit=c,373,m,139,serv,Carmesi&amp;id=175</subfield></datafield></record></metadata></record></GetRecord></OAI-PMH>
